| 000 | 00666nam a2200241Ia 4500 | ||
|---|---|---|---|
| 003 | OSt | ||
| 005 | 20221007110258.0 | ||
| 006 | a|||||r|||| 00| 0 | ||
| 007 | ta | ||
| 008 | 221006b |||||||| |||| 00| 0 eng d | ||
| 024 | _a20,779 | ||
| 037 | _cTextual | ||
| 040 |
_aLCO _cLCO _beng |
||
| 041 |
_2eng _aeng |
||
| 082 | _aZ1,122 Ok6, L4 | ||
| 100 |
_aPalsson Lennart _9115998 |
||
| 245 | 0 | _aMarriage and Divorce in Comparative Conflict of Laws | |
| 260 |
_aLeiden _bA W Sijthoff Netherland _c1974 |
||
| 300 | _a345 | ||
| 650 | _aMARRIAGE AND DIVORCE | ||
| 942 |
_hZ1,122 Ok6, L4 _cTEXL |
||
| 999 |
_c1190342 _d1190342 |
||